Normal view
MARC view
- এড. নাজনীন হোসেন , মো: মশিউর রহমান, আশরাফুল আরাফাত সুফিয়ান।
Entry Personal Name
001 - CONTROL NUMBER
- control field: 5477
003 - CONTROL NUMBER IDENTIFIER
- control field: OSt
005 - DATE AND TIME OF LATEST TRANSACTION
- control field: 20230920003213.0
008 - FIXED-LENGTH DATA ELEMENTS
- fixed length control field: 230920|| aca||aabn | a|a d
040 ## - CATALOGING SOURCE
- Original cataloging agency: OSt
- Transcribing agency: OSt
100 ## - HEADING--PERSONAL NAME
- Personal name: এড. নাজনীন হোসেন , মো: মশিউর রহমান, আশরাফুল আরাফাত সুফিয়ান।
670 ## - SOURCE DATA FOUND
- Source citation: Work cat.: (OSt)2529: হোসেন, এড. নাজনীন 5476, ব্যবহার তত্ত্ব ( আইন বিজ্ঞান )/ , c2007
